Statistics for Consoles with a GTA Game

Click here to take the quiz!

General Stats

  • This quiz has been taken 194 times
    (42 since last reset)
  • The average score is 15 of 23

Answer Stats

Console / Device / Operating System% Correct
Xbox
97%
PlayStation
95%
PlayStation 3
95%
PlayStation 4
95%
MS-DOS
92%
PlayStation 2
92%
PlayStation 5
92%
Xbox 360
89%
Xbox One
89%
macOS
86%
Microsoft Windows
86%
Xbox Series X/S
86%
PlayStation Portable
68%
Android
62%
iOS
62%
Nintendo DS
51%
Game Boy Advance
46%
Nintendo Switch
43%
Windows Mobile Phone
41%
Sega Dreamcast
24%
Game Boy Color
16%
Amazon Fire OS
8%
Oculus Quest 2
5%

Score Distribution

Percentile by Number Answered

Percent of People with Each Score

Your Score History

You have not taken this quiz since the last reset